| 000 | 03222njm a2200517Ia 4500 | ||
|---|---|---|---|
| 001 | C6733 | ||
| 003 | IT-RoPAU | ||
| 005 | 20220918181115.0 | ||
| 008 | 131025s9999 xx 000 0 und d | ||
| 040 | _aIT-RoPAU | ||
| 040 | _cIT-RoPAU | ||
| 999 |
_c99308 _d99308 |
||
| 999 | _bn.d. | ||
| 100 |
_aAA.VV. _9794 |
||
| 100 |
_eAutore musica _930260 |
||
| 100 |
_gCodice autore musica SPICS: 12000 _9796 |
||
| 245 | _aChet Baker In Italy | ||
| 250 | _a2a ed. | ||
| 260 | _aMILANO | ||
| 260 |
_bRUSCONI _c1994 [1a Ed.:0] |
||
| 300 | _aCOMPACT DISC | ||
| 300 | _c77 minuti (Testo: 0 pag.) | ||
| 500 | _aMusica jazz. Compact fuori commercio allegato al n. 12 1994 della rivista "Musica jazz". | ||
| 505 | _aFor Minors Only [(Pescara, stadio comunale, 14 luglio 1975) (6:00)] - Forgetful [(Palermo, Brass Group, 17 gennaio 1976) (8:00)] - Blue Room [(Roma, centro jazz St. Louis, 27 gennaio 1979) (8:00)] - Cheryl [(Ancona, teatro sperimentale, 23 novembre 1985) (11:00)] - Cherokee [(Macerata, giardini Diaz, 2 luglio 1985) (11:00)] - Dancing In the Dark [(Civitanova Marche, 5 luglio 1985) (7:00)] - Laura [(Civitanova Marche, 5 luglio 1985) (13:00)] - Solar [(Torino, teatro Carignano, 21 aprile 1988) (14:00)] | ||
| 511 | _aBaker Chet: tr; Drew Kenny: p; Ridley Larry: cb; Lee David: batt | ||
| 511 | _aBaker Chet: tr; Pelzer Jacques: fl; Garsia Ignazio: p; Tommaso Giovanni: cb; Cavallaro Gianni: batt | ||
| 511 | _aBaker Chet: tr; Pelzer Jacques: alto; Grailler Michel: p; Rassinfosse Jean-Louise: cb | ||
| 511 | _aBaker Chet: tr; Grailler Michel: p; Moriconi Massimo: cb | ||
| 511 | _aBaker Chet: tr; Pelzer Jacques: sop; Melillo Mike: p; Moriconi Massimo: cb; Ascolese Giampaolo: batt | ||
| 511 | _aBaker Chet: tr; Melillo Mike: p, arr; Moriconi Massimo: cb; Ascolese Giampaolo: batt; Orchestra Filarmonica Marchigiana | ||
| 511 | _aBaker Chet: tr; Rava Enrico: tr; Urbani Massimo: alto; D'Andrea Franco: p; Tommaso Giovanni: cb; Gatto Roberto: batt | ||
| 650 |
_aJAZZ [COMPACT DISC] _eCodice MATERIA SPICS: 9949 _911822 |
||
| 700 |
_aBaker Chet _gCodice interprete SPICS: 13029 _eInterprete _930261 |
||
| 700 |
_aHeath Jimmy _gCodice autore musica SPICS: 36621 _eAutore musica _pFor Minors Only _930262 |
||
| 700 |
_aHandy _gCodice autore musica SPICS: 42469 _eAutore musica _pForgetful _930263 |
||
| 700 |
_aSegal _gCodice autore SPICS: 42470 _eAutore _pForgetful _930264 |
||
| 700 |
_aRodgers Richard _gCodice autore musica SPICS: 11120 _eAutore musica _pBlue Room _930265 |
||
| 700 |
_aHart Lorenz _gCodice autore SPICS: 10738 _eAutore _pBlue Room _930266 |
||
| 700 |
_aParker Charlie (B.) _gCodice autore musica SPICS: 10799 _eAutore musica _pCheryl _930267 |
||
| 700 |
_aNoble Ray _gCodice autore musica SPICS: 10522 _eAutore musica _pCherokee _930268 |
||
| 700 |
_aSchwartz A. _gCodice autore musica SPICS: 15555 _eAutore musica _pDancing In the Dark _930269 |
||
| 700 |
_aDietz H. _gCodice autore SPICS: 15554 _eAutore _pDancing In the Dark _930270 |
||
| 700 |
_aRaskin Dave _gCodice autore musica SPICS: 13976 _eAutore musica _pLaura _930271 |
||
| 700 |
_aMercer Johnny _gCodice autore SPICS: 18100 _eAutore _pLaura _930272 |
||
| 700 |
_aDavis Miles _gCodice autore musica SPICS: 10734 _eAutore musica _pSolar _930273 |
||
| 942 |
_cCD _2ddc |
||